[Event "Mlada Boleslav DOBA Cup"]
[Site "Mlada Boleslav"]
[Date "2007.08.04"]
[Round "8"]
[White "Balogh, Eugen"]
[Black "Stransky, Milos"]
[Result "1/2-1/2"]
[WhiteElo "1362"]
[BlackElo "1302"]
[PlyCount "54"]
[EventDate "2007.07.30"]
[EventType "tourn"]
[EventRounds "9"]
[EventCountry "CZE"]
[EventCategory "2"]
[SourceTitle "EXT 2010"]
[Source "ChessBase"]
[SourceDate "2010.11.25"]
[SourceVersion "1"]
[SourceVersionDate "2010.11.25"]
[SourceQuality "1"]

1. e4 c5 2. Nf3 d6 3. Bb5+ Bd7 4. Bxd7+ Nxd7 5. 0-0 e6 6. Nc3 Ngf6 7. d3 Be7 8. Re1 e5 9. b3 0-0 10. Bg5 h6 11. Bxf6 Nxf6 12. a4 a6 13. Qd2 Qd7 14. Nd5 Nxd5 15. exd5 f5 16. c4 Rae8 17. Re2 f4 18. Kf1 Bg5 19. Nxg5 hxg5 20. f3 g4 21. Rf2 g3 22. hxg3 fxg3 23. Re2 Qf5 24. Re4 Rf6 25. Ke2 Qh5 26. Qe1 Rh6 27. Qxg3 Re7 1/2-1/2

[Event "Mlada Boleslav DOBA Cup"]
[Site "Mlada Boleslav"]
[Date "2007.07.31"]
[Round "3"]
[White "Suchomel, Oldrich"]
[Black "Balogh, Eugen"]
[Result "1/2-1/2"]
[WhiteElo "1660"]
[BlackElo "1362"]
[PlyCount "75"]
[EventDate "2007.07.30"]
[EventType "tourn"]
[EventRounds "9"]
[EventCountry "CZE"]
[EventCategory "2"]
[SourceTitle "EXT 2010"]
[Source "ChessBase"]
[SourceDate "2010.11.25"]
[SourceVersion "1"]
[SourceVersionDate "2010.11.25"]
[SourceQuality "1"]

1. e4 c6 2. Nf3 d5 3. exd5 cxd5 4. d4 Nf6 5. c3 Bg4 6. Be2 h6 7. Qc2 g6 8. 0-0 Bf5 9. Qb3 b6 10. h3 Bg7 11. Re1 0-0 12. Nbd2 g5 13. Nf1 Nbd7 14. Ng3 Bg6 15. Nh2 Re8 16. f4 gxf4 17. Bxf4 e5 18. dxe5 Nxe5 19. Bb5 Nfd7 20. Qxd5 a6 21. Ba4 b5 22. Bb3 Qh4 23. Ng4 Nxg4 24. Rxe8+ Rxe8 25. Qxd7 Nf6 26. Qd2 Ne4 27. Nxe4 Rxe4 28. Bc7 Qh5 29. Qd8+ Kh7 30. Bc2 Re2 31. Bxg6+ Qxg6 32. Qd5 Rxb2 33. Ba5 Rc2 34. Rf1 Kg8 35. Qd8+ Bf8 36. Qd5 Re2 37. Rf2 Re1+ 38. Rf1 1/2-1/2